Staging and Grading of Oral Squamous Cell Carcinoma (Record no. 20171)

MARC details
000 -LEADER
fixed length control field 00391nam a22001577a 4500
003 - CONTROL NUMBER IDENTIFIER
control field SGT
020 ## - INTERNATIONAL STANDARD BOOK NUMBER
International Standard Book Number 9788193245088
082 ## - DEWEY DECIMAL CLASSIFICATION NUMBER
Classification number 617.63
Item number S19N
100 ## - MAIN ENTRY--PERSONAL NAME
Personal name NAGAR, PREETI
245 ## - TITLE STATEMENT
Title Staging and Grading of Oral Squamous Cell Carcinoma
250 ## - EDITION STATEMENT
Edition statement 1ST
260 ## - PUBLICATION, DISTRIBUTION, ETC. (IMPRINT)
Place of publication, distribution, etc NEW DELHI
Name of publisher, distributor, etc IP Innovative Publication Pvt.
Year of Publication 2019
300 ## - PAGE DESCRIPTION
No. of Pages 1-120
650 ## - SUBJECT ADDED ENTRY--TOPICAL TERM
Topical term or geographic name as entry element ORAL MEDICINE
942 ## - ADDED ENTRY ELEMENTS (KOHA)
Source of classification or shelving scheme Dewey Decimal Classification
Koha item type Books
Holdings
Withdrawn status Lost status Source of classification or shelving scheme Damaged status Not for loan Home library Current library Shelving location Date acquired Vendor Name SGTU Total Checkouts Full call number Accession No. (Barcode) Date last seen Bill Date Koha item type
    Dewey Decimal Classification     SGT Dental Library SGT Dental Library Text Book 06/06/2020 IP Innovative Publication Pvt. SGTU   617.63 S19N FD8092 06/06/2020 06/06/2020 Books